[Event "Greek Team Championship"]
[Site "chess24.com"]
[Date "2017.07.03"]
[Round "1"]
[White "Alevizos, Athanasios"]
[Black "Fidrilakis, Stavros"]
[Result "0-1"]
[Board "8"]
[WhiteElo "1564"]
[WhiteCountry "GRE"]
[WhiteFideId "4272498"]
[WhiteEloChange "-2"]
[BlackElo "1929"]
[BlackCountry "GRE"]
[BlackFideId "4277821"]
[BlackEloChange "2"]

1. e4 {[%clk 1:30:57]} c5 {[%clk 1:30:54]} 2. Nf3 {[%clk 1:31:18]} d6 {[%clk
1:31:18]} 3. Nc3 {[%clk 1:31:34]} Nf6 {[%clk 1:31:32]} 4. Bc4 {[%clk 1:29:54]} e6
{[%clk 1:31:19]} 5. d3 {[%clk 1:27:33]} a6 {[%clk 1:31:10]} 6. a3 {[%clk
1:27:47]} b5 {[%clk 1:31:17]} 7. Ba2 {[%clk 1:28:08]} Be7 {[%clk 1:31:29]} 8. O-O
{[%clk 1:27:04]} O-O {[%clk 1:31:41]} 9. Re1 {[%clk 1:20:18]} Bb7 {[%clk
1:31:32]} 10. Ne2 {[%clk 1:18:38]} Nc6 {[%clk 1:28:58]} 11. Ng3 {[%clk 1:17:29]}
Rc8 {[%clk 1:28:57]} 12. Bg5 {[%clk 1:10:47]} Qc7 {[%clk 1:00:04]} 13. c3 {[%clk
0:59:50]} Ne5 {[%clk 0:53:29]} 14. Nxe5 {[%clk 0:55:35]} dxe5 {[%clk 0:53:54]}
15. Bxf6 {[%clk 0:55:36]} Bxf6 {[%clk 0:54:17]} 16. Nh5 {[%clk 0:55:28]} Be7
{[%clk 0:51:46]} 17. Qg4 {[%clk 0:54:29]} g6 {[%clk 0:52:02]} 18. Ng3 {[%clk
0:53:44]} Rcd8 {[%clk 0:51:09]} 19. Rad1 {[%clk 0:52:39]} Qc6 {[%clk 0:47:33]}
20. Qe2 {[%clk 0:50:08]} Kh8 {[%clk 0:41:07]} 21. f3 {[%clk 0:48:32]} Rd6 {[%clk
0:38:32]} 22. Rd2 {[%clk 0:47:45]} Rfd8 {[%clk 0:38:15]} 23. Red1 {[%clk
0:47:52]} Bg5 {[%clk 0:34:09]} 24. Rc2 {[%clk 0:39:54]} Qd7 {[%clk 0:30:42]} 25.
d4 {[%clk 0:22:06]} cxd4 {[%clk 0:30:45]} 26. cxd4 {[%clk 0:21:32]} Rxd4 {[%clk
0:28:15]} 27. Rxd4 {[%clk 0:21:39]} exd4 {[%clk 0:27:39]} 28. Qd3 {[%clk
0:21:14]} e5 {[%clk 0:26:57]} 29. Rc5 {[%clk 0:16:29]} Qd6 {[%clk 0:25:32]} 30.
b4 {[%clk 0:15:07]} Kg7 {[%clk 0:22:14]} 31. Kf1 {[%clk 0:11:56]} Rc8 {[%clk
0:18:38]} 32. Rxc8 {[%clk 0:11:41]} Bxc8 {[%clk 0:18:55]} 33. Ne2 {[%clk
0:11:57]} Be3 {[%clk 0:18:06]} 34. Bd5 {[%clk 0:07:52]} Be6 {[%clk 0:16:32]} 35.
Bxe6 {[%clk 0:07:26]} Qxe6 {[%clk 0:16:46]} 36. Qc2 {[%clk 0:07:24]} Qd6 {[%clk
0:11:21]} 37. Qd3 {[%clk 0:07:17]} Qd8 {[%clk 0:10:55]} 38. g3 {[%clk 0:05:13]}
Qc8 {[%clk 0:10:49]} 39. Qb3 {[%clk 0:04:44]} Qh3+ {[%clk 0:10:52]} 40. Ke1
{[%clk 0:34:44]} Qxh2 {[%clk 0:41:05]} 41. Kd1 {[%clk 0:34:57]} Qh1+ {[%clk
0:41:12]} 42. Kc2 {[%clk 0:34:59]} Qxf3 {[%clk 0:40:52]} 43. Qd3 {[%clk 0:34:48]}
f5 {[%clk 0:40:46]} 44. exf5 {[%clk 0:31:52]} e4 {[%clk 0:39:55]} 45. Qd1 {[%clk
0:31:12]} d3+ {[%clk 0:40:12]} 46. Kb3 {[%clk 0:31:37]} Qxe2 {[%clk 0:39:59]} 47.
Qa1+ {[%clk 0:31:49]} Kf7 {[%clk 0:40:12]} 48. fxg6+ {[%clk 0:31:53]} hxg6 {[%clk
0:40:26]} 49. Qc3 {[%clk 0:32:02]} Qc2+ {[%clk 0:40:36]} 50. Qxc2 {[%clk
0:32:24]} dxc2 {[%clk 0:41:01]} 51. Kxc2 {[%clk 0:32:49]} Bb6 {[%clk 0:41:25]}
0-1

[Event "Greek Team Championship"]
[Site "chess24.com"]
[Date "2017.07.03"]
[Round "1"]
[White "Petrakis, Stylianos"]
[Black "Rousos, Stamatios"]
[Result "1-0"]
[Board "9"]
[WhiteElo "1977"]
[WhiteCountry "GRE"]
[WhiteFideId "4252764"]
[WhiteEloChange "7"]
[BlackElo "1857"]
[BlackCountry "GRE"]
[BlackFideId "4277007"]
[BlackEloChange "-7"]

1. e4 {[%clk 1:30:57]} c5 {[%clk 1:30:30]} 2. Nf3 {[%clk 1:31:18]} d6 {[%clk
1:30:16]} 3. d4 {[%clk 1:31:33]} cxd4 {[%clk 1:29:58]} 4. Nxd4 {[%clk 1:31:57]}
Nf6 {[%clk 1:29:17]} 5. Nc3 {[%clk 1:32:15]} Nc6 {[%clk 1:28:55]} 6. Bg5 {[%clk
1:32:17]} e6 {[%clk 1:28:45]} 7. Qd2 {[%clk 1:32:17]} a6 {[%clk 1:28:31]} 8.
O-O-O {[%clk 1:32:22]} h6 {[%clk 1:28:17]} 9. Be3 {[%clk 1:29:43]} Bd7 {[%clk
1:27:21]} 10. f3 {[%clk 1:26:41]} b5 {[%clk 1:26:24]} 11. Nxc6 {[%clk 1:24:50]}
Bxc6 {[%clk 1:26:35]} 12. Ne2 {[%clk 1:24:06]} Qc7 {[%clk 1:25:54]} 13. Nd4
{[%clk 1:23:57]} Bb7 {[%clk 1:25:00]} 14. Bd3 {[%clk 1:21:52]} Rc8 {[%clk
1:23:06]} 15. Kb1 {[%clk 1:19:59]} d5 {[%clk 1:16:02]} 16. e5 {[%clk 1:18:03]}
Nd7 {[%clk 1:15:24]} 17. f4 {[%clk 1:16:56]} Nc5 {[%clk 1:12:49]} 18. f5 {[%clk
1:05:54]} Qxe5 {[%clk 0:38:02]} 19. fxe6 {[%clk 1:03:31]} Nxe6 {[%clk 0:34:08]}
20. Nxe6 {[%clk 1:03:42]} fxe6 {[%clk 0:27:07]} 21. Bg6+ {[%clk 0:57:55]} Kd7
{[%clk 0:27:24]} 22. Rhf1 {[%clk 0:56:09]} Be7 {[%clk 0:20:19]} 23. Rf7 {[%clk
0:30:13]} Rcf8 {[%clk 0:15:30]} 24. Bf4 {[%clk 0:29:40]} 1-0

[Event "Greek Team Championship"]
[Site "chess24.com"]
[Date "2017.07.03"]
[Round "1"]
[White "Dimanoudis, Petros"]
[Black "Tzagarakis, Panagiotis"]
[Result "0-1"]
[Board "10"]
[WhiteElo "1153"]
[WhiteCountry "GRE"]
[WhiteFideId "25805215"]
[WhiteEloChange "-2"]
[BlackElo "1608"]
[BlackCountry "GRE"]
[BlackFideId "25806009"]
[BlackEloChange "2"]

1. e4 {[%clk 1:30:57]} c5 {[%clk 1:30:57]} 2. Nf3 {[%clk 1:31:23]} e6 {[%clk
1:31:23]} 3. d4 {[%clk 1:31:50]} cxd4 {[%clk 1:31:50]} 4. Nxd4 {[%clk 1:32:15]}
a6 {[%clk 1:32:17]} 5. c4 {[%clk 1:32:27]} Nf6 {[%clk 1:32:43]} 6. f3 {[%clk
1:31:30]} Qc7 {[%clk 1:32:56]} 7. Nc3 {[%clk 1:29:11]} b6 {[%clk 1:33:02]} 8. Be3
{[%clk 1:27:21]} Bb7 {[%clk 1:33:01]} 9. Be2 {[%clk 1:25:13]} d6 {[%clk 1:33:02]}
10. O-O {[%clk 1:23:14]} Nbd7 {[%clk 1:33:04]} 11. Qd2 {[%clk 1:20:25]} Rc8
{[%clk 1:33:00]} 12. Rac1 {[%clk 1:18:16]} Be7 {[%clk 1:33:16]} 13. Rfd1 {[%clk
1:15:31]} O-O {[%clk 1:33:28]} 14. Kh1 {[%clk 1:11:15]} Qb8 {[%clk 1:33:16]} 15.
b3 {[%clk 1:07:44]} Bd8 {[%clk 1:32:03]} 16. g4 {[%clk 1:05:14]} Kh8 {[%clk
1:26:27]} 17. Nc2 {[%clk 1:02:17]} Bc7 {[%clk 1:26:32]} 18. g5 {[%clk 1:00:22]}
Ng8 {[%clk 1:25:29]} 19. Bf4 {[%clk 0:56:26]} Ne5 {[%clk 1:22:51]} 20. Bxe5
{[%clk 0:53:54]} dxe5 {[%clk 1:23:13]} 21. Bd3 {[%clk 0:51:13]} Ne7 {[%clk
1:20:15]} 22. h4 {[%clk 0:49:16]} Ng6 {[%clk 1:18:36]} 23. h5 {[%clk 0:46:28]}
Nf4 {[%clk 1:18:35]} 24. Qh2 {[%clk 0:46:35]} f5 {[%clk 1:14:57]} 25. g6 {[%clk
0:43:06]} h6 {[%clk 1:13:05]} 26. Rd2 {[%clk 0:30:02]} Rcd8 {[%clk 1:10:58]} 27.
Bf1 {[%clk 0:25:23]} Rxd2 {[%clk 1:08:54]} 28. Qxd2 {[%clk 0:25:17]} Nxh5 {[%clk
1:06:36]} 29. Qd7 {[%clk 0:16:27]} fxe4 {[%clk 1:03:52]} 30. fxe4 {[%clk
0:16:41]} Ng3+ {[%clk 1:03:55]} 31. Kg1 {[%clk 0:16:56]} Nxe4 {[%clk 1:03:33]}
32. Nxe4 {[%clk 0:14:07]} Bxe4 {[%clk 1:03:59]} 33. Qxe6 {[%clk 0:14:24]} Qd8
{[%clk 1:03:59]} 34. Qg4 {[%clk 0:13:03]} Rf4 {[%clk 1:04:08]} 35. Qh5 {[%clk
0:12:41]} Bf3 {[%clk 1:04:23]} 0-1

[Event "Greek Team Championship"]
[Site "chess24.com"]
[Date "2017.07.03"]
[Round "1"]
[White "Kanakaris, Georgios"]
[Black "Wieczorek, Oskar"]
[Result "0-1"]
[Board "1"]
[WhiteElo "2359"]
[WhiteCountry "GRE"]
[WhiteFideId "4209460"]
[WhiteEloChange "-7"]
[BlackElo "2462"]
[BlackTitle "IM"]
[BlackCountry "POL"]
[BlackFideId "1133950"]
[BlackEloChange "4"]

1. d4 {[%clk 1:30:55]} Nf6 {[%clk 1:30:56]} 2. Nf3 {[%clk 1:31:16]} g6 {[%clk
1:31:19]} 3. g3 {[%clk 1:31:37]} Bg7 {[%clk 1:31:18]} 4. Bg2 {[%clk 1:32:00]} c5
{[%clk 1:31:44]} 5. d5 {[%clk 1:30:02]} d6 {[%clk 1:31:59]} 6. O-O {[%clk
1:30:26]} O-O {[%clk 1:32:21]} 7. Nc3 {[%clk 1:29:43]} Na6 {[%clk 1:27:36]} 8. h3
{[%clk 1:24:44]} e6 {[%clk 1:16:06]} 9. dxe6 {[%clk 1:15:56]} Bxe6 {[%clk
1:12:17]} 10. Ng5 {[%clk 1:14:00]} d5 {[%clk 1:05:40]} 11. Nxe6 {[%clk 1:14:17]}
fxe6 {[%clk 1:06:08]} 12. e4 {[%clk 1:08:35]} d4 {[%clk 1:06:33]} 13. Ne2 {[%clk
1:08:40]} Qb6 {[%clk 1:01:24]} 14. a3 {[%clk 0:54:47]} e5 {[%clk 0:58:42]} 15.
Qd3 {[%clk 0:48:39]} Qe6 {[%clk 0:56:29]} 16. b3 {[%clk 0:38:44]} c4 {[%clk
0:42:21]} 17. Qxc4 {[%clk 0:38:50]} Qxc4 {[%clk 0:42:49]} 18. bxc4 {[%clk
0:39:14]} Nc5 {[%clk 0:43:07]} 19. f3 {[%clk 0:37:02]} Ne8 {[%clk 0:39:35]} 20.
Bg5 {[%clk 0:31:23]} Rf7 {[%clk 0:39:29]} 21. Nc1 {[%clk 0:31:02]} Nd6 {[%clk
0:29:15]} 22. Nd3 {[%clk 0:29:21]} b6 {[%clk 0:23:58]} 23. h4 {[%clk 0:28:11]} h6
{[%clk 0:22:12]} 24. Bc1 {[%clk 0:28:27]} Nxc4 {[%clk 0:22:03]} 25. Bh3 {[%clk
0:25:41]} Re8 {[%clk 0:20:17]} 26. Nxc5 {[%clk 0:22:06]} bxc5 {[%clk 0:20:40]}
27. Rb1 {[%clk 0:22:09]} h5 {[%clk 0:16:37]} 28. a4 {[%clk 0:19:25]} Kh7 {[%clk
0:16:33]} 29. Rb5 {[%clk 0:18:17]} Rc7 {[%clk 0:16:42]} 30. Bg5 {[%clk 0:16:43]}
Bh6 {[%clk 0:14:54]} 31. Rf2 {[%clk 0:16:29]} Bxg5 {[%clk 0:14:30]} 32. hxg5
{[%clk 0:16:53]} Kg7 {[%clk 0:08:48]} 33. f4 {[%clk 0:13:56]} Nd6 {[%clk
0:05:47]} 34. Ra5 {[%clk 0:09:05]} Nxe4 {[%clk 0:03:55]} 35. Rg2 {[%clk 0:08:55]}
exf4 {[%clk 0:03:05]} 36. gxf4 {[%clk 0:09:20]} Rf8 {[%clk 0:03:20]} 37. Be6
{[%clk 0:04:58]} Rxf4 {[%clk 0:03:46]} 38. Bd5 {[%clk 0:04:22]} Nc3 {[%clk
0:03:00]} 39. Bc4 {[%clk 0:04:48]} Nd1 {[%clk 0:03:18]} 40. Ra6 {[%clk 0:33:59]}
Ne3 {[%clk 0:33:38]} 41. Bd3 {[%clk 0:34:25]} Nxg2 {[%clk 0:33:13]} 42. Rxg6+
{[%clk 0:34:42]} Kf8 {[%clk 0:33:00]} 0-1

[Event "Greek Team Championship"]
[Site "chess24.com"]
[Date "2017.07.03"]
[Round "1"]
[White "Pavlidis, Anastasios"]
[Black "Vafiadis, Kleanthis"]
[Result "0-1"]
[Board "2"]
[WhiteElo "2398"]
[WhiteTitle "IM"]
[WhiteCountry "GRE"]
[WhiteFideId "4208404"]
[WhiteEloChange "-14"]
[BlackElo "2235"]
[BlackCountry "GRE"]
[BlackFideId "4201850"]
[BlackEloChange "14"]

1. d4 {[%clk 1:30:55]} Nf6 {[%clk 1:30:55]} 2. c4 {[%clk 1:31:08]} d6 {[%clk
1:31:15]} 3. Nc3 {[%clk 1:31:20]} g6 {[%clk 1:30:54]} 4. e4 {[%clk 1:31:03]} Bg7
{[%clk 1:31:20]} 5. Nf3 {[%clk 1:30:30]} O-O {[%clk 1:31:39]} 6. Be2 {[%clk
1:30:53]} e5 {[%clk 1:31:41]} 7. Be3 {[%clk 1:31:12]} exd4 {[%clk 1:31:55]} 8.
Nxd4 {[%clk 1:31:21]} Re8 {[%clk 1:32:06]} 9. f3 {[%clk 1:31:32]} c6 {[%clk
1:31:41]} 10. Qd2 {[%clk 1:27:41]} d5 {[%clk 1:27:25]} 11. exd5 {[%clk 1:27:55]}
cxd5 {[%clk 1:27:28]} 12. c5 {[%clk 1:28:14]} Nc6 {[%clk 1:24:57]} 13. O-O {[%clk
1:24:25]} Nh5 {[%clk 1:03:33]} 14. Bf2 {[%clk 1:15:34]} Be5 {[%clk 0:54:13]} 15.
g3 {[%clk 1:15:12]} Ng7 {[%clk 0:39:22]} 16. Rfd1 {[%clk 1:13:46]} Nf5 {[%clk
0:26:40]} 17. Nxf5 {[%clk 1:09:12]} Bxf5 {[%clk 0:27:05]} 18. Nxd5 {[%clk
1:05:58]} Nd4 {[%clk 0:27:22]} 19. Bxd4 {[%clk 1:01:43]} Qxd5 {[%clk 0:27:48]}
20. Bf2 {[%clk 1:00:12]} Qc6 {[%clk 0:26:51]} 21. Rac1 {[%clk 0:47:16]} Qf6
{[%clk 0:24:40]} 22. b3 {[%clk 0:43:09]} Bb2 {[%clk 0:24:55]} 23. Rc4 {[%clk
0:34:36]} Rad8 {[%clk 0:24:37]} 24. Qa5 {[%clk 0:34:32]} b6 {[%clk 0:18:01]} 25.
Qe1 {[%clk 0:28:28]} Bd3 {[%clk 0:17:42]} 26. Rxd3 {[%clk 0:24:13]} Rxd3 {[%clk
0:17:11]} 27. Rf4 {[%clk 0:19:13]} Qd8 {[%clk 0:15:47]} 28. Re4 {[%clk 0:18:56]}
Rxe4 {[%clk 0:15:45]} 29. fxe4 {[%clk 0:19:21]} Rc3 {[%clk 0:10:20]} 30. cxb6
{[%clk 0:17:51]} axb6 {[%clk 0:07:45]} 31. Kg2 {[%clk 0:18:09]} Rc1 {[%clk
0:07:45]} 32. Qb4 {[%clk 0:18:01]} Rc2 {[%clk 0:08:07]} 33. Kf1 {[%clk 0:17:13]}
Rc1+ {[%clk 0:08:33]} 34. Kg2 {[%clk 0:17:29]} Rc2 {[%clk 0:08:24]} 35. Kf1
{[%clk 0:17:53]} Qd7 {[%clk 0:05:44]} 36. g4 {[%clk 0:16:04]} Qc7 {[%clk
0:04:37]} 37. Bg3 {[%clk 0:14:24]} Be5 {[%clk 0:03:25]} 38. Bf2 {[%clk 0:12:57]}
Rxa2 {[%clk 0:03:12]} 39. Qb5 {[%clk 0:08:33]} Qc1+ {[%clk 0:02:49]} 40. Kg2
{[%clk 0:36:53]} Qf4 {[%clk 0:32:51]} 0-1

[Event "Greek Team Championship"]
[Site "chess24.com"]
[Date "2017.07.03"]
[Round "1"]
[White "Papakonstantinou, Dimitrios"]
[Black "Bunis, Vassilis"]
[Result "1-0"]
[Board "3"]
[WhiteElo "2207"]
[WhiteCountry "GRE"]
[WhiteFideId "4218655"]
[WhiteEloChange "11"]
[BlackElo "2237"]
[BlackTitle "FM"]
[BlackCountry "GRE"]
[BlackFideId "4203127"]
[BlackEloChange "-11"]

1. e4 {[%clk 1:30:56]} c5 {[%clk 1:30:51]} 2. Nf3 {[%clk 1:31:20]} e6 {[%clk
1:31:14]} 3. d4 {[%clk 1:31:44]} cxd4 {[%clk 1:31:38]} 4. Nxd4 {[%clk 1:32:09]}
a6 {[%clk 1:32:02]} 5. c4 {[%clk 1:32:12]} Qc7 {[%clk 1:31:59]} 6. a3 {[%clk
1:31:33]} Nf6 {[%clk 1:31:46]} 7. Nc3 {[%clk 1:31:56]} Nc6 {[%clk 1:31:13]} 8.
Be3 {[%clk 1:28:29]} Nxd4 {[%clk 1:04:24]} 9. Bxd4 {[%clk 1:20:03]} Bd6 {[%clk
1:01:54]} 10. Be2 {[%clk 1:12:16]} b6 {[%clk 0:59:55]} 11. Qd3 {[%clk 1:07:29]}
Rb8 {[%clk 0:57:16]} 12. Rd1 {[%clk 1:06:12]} Be5 {[%clk 0:56:05]} 13. Bxe5
{[%clk 1:04:42]} Qxe5 {[%clk 0:55:57]} 14. Qg3 {[%clk 1:05:04]} Qxg3 {[%clk
0:55:49]} 15. hxg3 {[%clk 1:05:27]} Bb7 {[%clk 0:55:39]} 16. f3 {[%clk 1:02:51]}
Ke7 {[%clk 0:55:44]} 17. Kf2 {[%clk 1:00:52]} d6 {[%clk 0:55:53]} 18. Rd2 {[%clk
1:00:08]} Bc6 {[%clk 0:52:03]} 19. g4 {[%clk 0:59:56]} h6 {[%clk 0:52:24]} 20.
Rhd1 {[%clk 0:57:23]} Rhd8 {[%clk 0:52:15]} 21. Ke3 {[%clk 0:57:25]} Ne8 {[%clk
0:50:05]} 22. Rc1 {[%clk 0:48:02]} Rdc8 {[%clk 0:48:14]} 23. Rdc2 {[%clk
0:43:41]} Bd7 {[%clk 0:47:02]} 24. Bd3 {[%clk 0:42:06]} Nf6 {[%clk 0:46:37]} 25.
Ne2 {[%clk 0:39:28]} Rc7 {[%clk 0:44:11]} 26. b4 {[%clk 0:36:49]} Ra7 {[%clk
0:36:53]} 27. Nd4 {[%clk 0:34:22]} e5 {[%clk 0:36:41]} 28. Ne2 {[%clk 0:31:51]}
a5 {[%clk 0:35:07]} 29. c5 {[%clk 0:29:48]} axb4 {[%clk 0:27:14]} 30. cxd6+
{[%clk 0:25:19]} Kxd6 {[%clk 0:27:35]} 31. axb4 {[%clk 0:25:44]} Ra3 {[%clk
0:27:24]} 32. Rc3 {[%clk 0:24:25]} Rba8 {[%clk 0:27:35]} 33. Bc4 {[%clk 0:20:39]}
Ke7 {[%clk 0:25:33]} 34. Bb3 {[%clk 0:19:46]} Bb5 {[%clk 0:22:59]} 35. R1c2
{[%clk 0:12:19]} Rd8 {[%clk 0:20:36]} 36. Kf2 {[%clk 0:11:55]} Bd3 {[%clk
0:13:50]} 37. Rc7+ {[%clk 0:10:58]} Rd7 {[%clk 0:14:01]} 38. Rxd7+ {[%clk
0:10:55]} Nxd7 {[%clk 0:14:17]} 39. Rc3 {[%clk 0:09:57]} Bxe2 {[%clk 0:09:15]}
40. Kxe2 {[%clk 0:40:21]} f6 {[%clk 0:39:02]} 41. Kd3 {[%clk 0:39:02]} b5 {[%clk
0:22:08]} 42. Kc2 {[%clk 0:38:02]} Ra8 {[%clk 0:21:37]} 43. Rc7 {[%clk 0:35:55]}
Kd6 {[%clk 0:21:48]} 44. Rb7 {[%clk 0:35:36]} Rb8 {[%clk 0:22:10]} 45. Ra7 {[%clk
0:35:53]} g5 {[%clk 0:21:51]} 46. Kd3 {[%clk 0:33:44]} Rd8 {[%clk 0:19:17]} 47.
Ra6+ {[%clk 0:30:55]} Nb6 {[%clk 0:19:35]} 48. Kc3 {[%clk 0:25:20]} Kc7 {[%clk
0:18:04]} 49. Ra7+ {[%clk 0:25:18]} Kc6 {[%clk 0:18:23]} 50. Rh7 {[%clk 0:24:33]}
Rd6 {[%clk 0:18:32]} 51. Rxh6 {[%clk 0:24:35]} Kc7 {[%clk 0:16:52]} 52. Rh7+
{[%clk 0:22:31]} Rd7 {[%clk 0:17:21]} 53. Rh1 {[%clk 0:22:05]} Rd6 {[%clk
0:17:31]} 54. Bf7 {[%clk 0:18:15]} Nc4 {[%clk 0:16:55]} 55. Ra1 {[%clk 0:13:31]}
Kb8 {[%clk 0:11:07]} 56. Be8 {[%clk 0:13:03]} Ne3 {[%clk 0:10:18]} 57. Ra2 {[%clk
0:11:15]} Nd1+ {[%clk 0:09:53]} 58. Kb3 {[%clk 0:11:08]} Rd3+ {[%clk 0:08:44]}
59. Kc2 {[%clk 0:11:17]} Rd4 {[%clk 0:09:03]} 60. Ra6 {[%clk 0:09:50]} Ne3+
{[%clk 0:09:15]} 61. Kc3 {[%clk 0:09:50]} Nxg2 {[%clk 0:08:58]} 62. Bxb5 {[%clk
0:09:06]} Rd1 {[%clk 0:07:08]} 63. Rxf6 {[%clk 0:08:34]} Rc1+ {[%clk 0:07:20]}
64. Kb3 {[%clk 0:08:30]} Rb1+ {[%clk 0:07:37]} 65. Kc4 {[%clk 0:07:48]} Kc7
{[%clk 0:07:18]} 66. Ba4 {[%clk 0:06:17]} Ne3+ {[%clk 0:07:19]} 67. Kb5 {[%clk
0:06:13]} Ra1 {[%clk 0:06:56]} 68. Rc6+ {[%clk 0:05:59]} Kd7 {[%clk 0:07:01]} 69.
Rc3 {[%clk 0:05:33]} Ng2 {[%clk 0:07:11]} 70. Ka5+ {[%clk 0:05:21]} Kd6 {[%clk
0:07:26]} 71. b5 {[%clk 0:05:18]} Rb1 {[%clk 0:07:44]} 72. b6 {[%clk 0:05:13]}
Nf4 {[%clk 0:08:05]} 73. Rb3 {[%clk 0:04:24]} Rxb3 {[%clk 0:08:07]} 74. Bxb3
{[%clk 0:04:53]} Kc6 {[%clk 0:08:22]} 75. Ka6 {[%clk 0:04:59]} Nd3 {[%clk
0:08:43]} 76. Bd5+ {[%clk 0:04:58]} Kd6 {[%clk 0:09:05]} 77. Ka7 {[%clk 0:05:17]}
Nc5 {[%clk 0:09:28]} 78. b7 {[%clk 0:05:43]} Nd7 {[%clk 0:09:41]} 79. b8Q+ {[%clk
0:06:01]} Nxb8 {[%clk 0:10:01]} 80. Kxb8 {[%clk 0:06:27]} Kd7 {[%clk 0:10:27]}
81. Kb7 {[%clk 0:06:52]} Kd6 {[%clk 0:10:46]} 82. Kb6 {[%clk 0:07:18]} Kd7 {[%clk
0:11:08]} 83. Kc5 {[%clk 0:07:41]} Ke7 {[%clk 0:11:32]} 84. Kc6 {[%clk 0:08:07]}
Kf6 {[%clk 0:11:57]} 85. Kd6 {[%clk 0:08:33]} Kg6 {[%clk 0:12:21]} 86. Kxe5
{[%clk 0:08:57]} Kg7 {[%clk 0:12:42]} 87. Kd6 {[%clk 0:09:23]} Kf6 {[%clk
0:13:07]} 88. e5+ {[%clk 0:09:49]} Kg6 {[%clk 0:13:31]} 89. e6 {[%clk 0:10:15]}
Kg7 {[%clk 0:13:56]} 90. e7 {[%clk 0:10:41]} Kf6 {[%clk 0:14:24]} 91. Bb3 {[%clk
0:11:00]} Kg7 {[%clk 0:14:47]} 92. e8Q {[%clk 0:11:24]} 1-0

[Event "Greek Team Championship"]
[Site "chess24.com"]
[Date "2017.07.03"]
[Round "1"]
[White "Kazakos, Emmanouil"]
[Black "Papadopoulos, Panayotis"]
[Result "0-1"]
[Board "4"]
[WhiteElo "2117"]
[WhiteCountry "GRE"]
[WhiteFideId "4216555"]
[WhiteEloChange "-8"]
[BlackElo "2172"]
[BlackCountry "GRE"]
[BlackFideId "4222636"]
[BlackEloChange "8"]

1. e4 {[%clk 1:30:30]} c5 {[%clk 1:30:30]} 2. Nf3 {[%clk 1:30:30]} Nc6 {[%clk
1:30:30]} 3. Bb5 {[%clk 1:30:30]} g6 {[%clk 1:30:30]} 4. Bxc6 {[%clk 1:30:30]}
dxc6 {[%clk 1:30:06]} 5. d3 {[%clk 1:30:29]} Bg7 {[%clk 1:30:06]} 6. h3 {[%clk
1:30:08]} e5 {[%clk 1:30:06]} 7. O-O {[%clk 1:28:46]} Qe7 {[%clk 1:30:06]} 8. Be3
{[%clk 1:26:17]} Nf6 {[%clk 1:29:38]} 9. Nc3 {[%clk 1:20:30]} Nd7 {[%clk
1:29:33]} 10. Qd2 {[%clk 1:13:54]} Nf8 {[%clk 1:27:28]} 11. a3 {[%clk 1:13:38]}
Ne6 {[%clk 1:26:52]} 12. Rfb1 {[%clk 1:05:52]} Nd4 {[%clk 1:24:08]} 13. Nh2
{[%clk 1:05:45]} O-O {[%clk 1:17:16]} 14. b4 {[%clk 1:04:15]} f5 {[%clk 1:09:22]}
15. Bg5 {[%clk 1:00:47]} Qd6 {[%clk 1:07:06]} 16. exf5 {[%clk 0:56:10]} gxf5
{[%clk 1:06:05]} 17. Na4 {[%clk 0:53:23]} Qg6 {[%clk 0:43:01]} 18. Be7 {[%clk
0:48:58]} Rf7 {[%clk 0:41:30]} 19. Bxc5 {[%clk 0:45:04]} Ne6 {[%clk 0:37:41]} 20.
f3 {[%clk 0:34:38]} Bh6 {[%clk 0:27:55]} 21. Be3 {[%clk 0:27:32]} Bxe3+ {[%clk
0:27:35]} 22. Qxe3 {[%clk 0:27:32]} Nf4 {[%clk 0:27:35]} 23. g4 {[%clk 0:27:04]}
Nxh3+ {[%clk 0:26:09]} 24. Kg2 {[%clk 0:25:21]} fxg4 {[%clk 0:23:49]} 25. fxg4
{[%clk 0:22:32]} Bxg4 {[%clk 0:21:29]} 26. Nxg4 {[%clk 0:15:36]} Qxg4+ {[%clk
0:21:29]} 27. Kh2 {[%clk 0:15:36]} Rf3 {[%clk 0:18:17]} 28. Rg1 {[%clk 0:14:42]}
Nxg1 {[%clk 0:18:17]} 29. Rxg1 {[%clk 0:14:42]} Rxe3 {[%clk 0:18:17]} 30. Rxg4+
{[%clk 0:14:42]} Kf7 {[%clk 0:18:17]} 31. Rg2 {[%clk 0:12:15]} Rg8 {[%clk
0:17:10]} 32. Rf2+ {[%clk 0:12:15]} Ke7 {[%clk 0:17:10]} 33. Nc5 {[%clk 0:11:34]}
Reg3 {[%clk 0:16:05]} 34. Nxb7 {[%clk 0:10:44]} R3g6 {[%clk 0:15:52]} 35. Kh1
{[%clk 0:10:44]} Rh6+ {[%clk 0:14:58]} 36. Rh2 {[%clk 0:10:44]} Rxh2+ {[%clk
0:14:58]} 37. Kxh2 {[%clk 0:10:44]} Ke6 {[%clk 0:14:42]} 38. c4 {[%clk 0:06:56]}
Kf5 {[%clk 0:13:55]} 39. Nc5 {[%clk 0:05:09]} Kf4 {[%clk 0:13:39]} 40. a4 {[%clk
0:04:46]} Ke3 {[%clk 0:13:02]} 41. Kh3 {[%clk 0:22:47]} Kd4 {[%clk 0:41:06]} 42.
a5 {[%clk 0:21:09]} Rb8 {[%clk 0:40:32]} 43. Na6 {[%clk 0:20:27]} Rb7 {[%clk
0:39:06]} 44. Kh4 {[%clk 0:20:24]} e4 {[%clk 0:34:29]} 45. dxe4 {[%clk 0:20:24]}
Kxc4 {[%clk 0:34:29]} 46. Kg5 {[%clk 0:20:11]} Re7 {[%clk 0:33:20]} 47. Kf5
{[%clk 0:19:36]} h5 {[%clk 0:33:02]} 48. e5 {[%clk 0:16:52]} h4 {[%clk 0:33:02]}
49. Kf6 {[%clk 0:15:51]} Rh7 {[%clk 0:32:34]} 50. Kg6 {[%clk 0:15:31]} Rh8 {[%clk
0:32:26]} 51. Nc5 {[%clk 0:14:05]} h3 {[%clk 0:32:26]} 52. Ne4 {[%clk 0:14:05]}
h2 {[%clk 0:32:26]} 0-1